000 00664nam a22001937a 4500
999 _c20999
_d20999
003 AR-CdUCM
008 190326b ||||| |||| 00| 0 spa d
040 _aMUNICIPALIDAD PROVINCIAL DEL CUSCO
_cBIBLIOTECA MUNICIPAL DEL CUSCO
082 _aC / 985.611 /
_bR87
100 _aHowland Rowe, John
_99466
245 _aEl plano mas antiguo del Cusco :
_bDos parroquias de la cuidad vistas en 19643 /
260 _aCusco :
_bInstituto Nacional de Cultura,
_c1989
300 _a16 paginas ;
_bMapas,
_c27 cm.
505 _aContenido :Planos antiguos de la cuidad del Cusco /
650 _aPlanos
_913064
650 _aCusco
_9772
942 _2ddc
_cLIBROS
945 _azta